[Event "TUR Cup"]
[Site "Denizli"]
[Date "2023.07.22"]
[Round "9"]
[White "Celik, Ege Yigit"]
[Black "Akbayir, Eymen"]
[Result "1-0"]
[WhiteElo "1857"]
[BlackElo "1267"]
[PlyCount "65"]
[EventDate "2023.07.16"]
[EventType "team-tourn"]
[EventRounds "9"]
[EventCountry "TUR"]
[SourceTitle "CBM 215 Extra"]
[Source "ChessBase"]
[SourceDate "2023.09.30"]
[SourceVersion "1"]
[SourceVersionDate "2023.09.30"]
[SourceQuality "1"]

1. c4 Nf6 2. Nc3 e6 3. e4 d5 4. cxd5 exd5 5. e5 Ne4 6. Nf3 Nxc3 7. bxc3 c5 8. d4 Nc6 9. Be2 Bf5 10. 0-0 c4 11. a4 a6 12. Bg5 Be7 13. Bxe7 Qxe7 14. Nd2 0-0 15. f4 h6 16. a5 Qc7 17. g4 Bd7 18. Bf3 Ne7 19. Qe2 Rab8 20. f5 Qc6 21. Bg2 Rfe8 22. e6 Bc8 23. exf7+ Kxf7 24. Rae1 Bd7 25. Nf3 Kg8 26. Ne5 Qd6 27. Qe3 Nc6 28. f6 gxf6 29. Qxh6 Nxe5 30. dxe5 Qf8 31. Bxd5+ Be6 32. Qg6+ Qg7 33. exf6 1-0

[Event "Sivas op 1st"]
[Site "Sivas"]
[Date "2019.08.24"]
[Round "9"]
[White "Akbayir, Eymen"]
[Black "Unal, Burak Kayra"]
[Result "1/2-1/2"]
[WhiteElo "1108"]
[BlackElo "1379"]
[PlyCount "104"]
[EventDate "2019.08.19"]
[EventType "swiss"]
[EventRounds "9"]
[EventCountry "TUR"]
[SourceTitle "EXT 2020"]
[Source "ChessBase"]
[SourceDate "2019.10.17"]
[SourceVersion "1"]
[SourceVersionDate "2019.10.17"]
[SourceQuality "1"]

1. e4 c5 2. Nf3 e6 3. d4 cxd4 4. Nxd4 a6 5. Nc3 Nc6 6. Be3 Qc7 7. Qd2 b5 8. a3 Nf6 9. Nf3 Bb7 10. Bd3 Be7 11. Rd1 Rd8 12. Bf4 d6 13. Qe2 Nd7 14. b4 Nce5 15. Bxe5 Nxe5 16. Nb1 0-0 17. 0-0 Nxf3+ 18. Qxf3 g6 19. Rfe1 d5 20. exd5 Bxd5 21. Be4 Bxe4 22. Qxe4 Rc8 23. Rd2 Bg5 24. Rde2 Rfd8 25. Qg4 Bf6 26. Qg3 Rd7 27. Qb3 Qc4 28. Qf3 Kg7 29. g3 Bc3 30. Rc1 Qc6 31. Qxc6 Rxc6 32. Nxc3 Rxc3 33. Ra1 Rd4 34. Kf1 Kf6 35. Ke1 e5 36. Ra2 e4 37. Rd2 Ke5 38. Rxd4 Kxd4 39. Kd2 Rf3 40. Ke2 f5 41. a4 Kc4 42. axb5 axb5 43. Ra7 Rc3 44. Kd2 Rf3 45. Ke2 Rc3 46. Kd2 Rf3 47. Ke1 Rc3 48. Kd2 Rf3 49. Ke2 Rc3 50. Kd2 Rf3 51. Ke2 Rc3 52. Kd2 Rf3 1/2-1/2